000 00725nam a2200265Ia 4500
001 dia_5225
003 CHAP
005 20230720125613.0
008 220117s2006 xx 000 0 und d
010 _a176128
040 _cCHAP
082 _a664.752 R43 2006
110 _aMéxico : Instituto de Cultura Profesional
_9157922
245 _aRecetario 2006 /
_c ICUP
260 _aMéxico :
_b ICUP,
_c2006
300 _a1 v.
503 _aC/e
590 _aTX349 R43 2006
650 _aCocina
_924219
710 _aInstituto de Cultura Profesional (México)
_9157923
901 _a664.752 R43 2006
902 _aA
905 _a5232272006 mx an 8222223322spa16
942 _cLIBRO
_2ddc
999 _c176128
_d176128